000 00705nam a2200253 i 4500
001 C2-0101081
003 PPAK
005 20180727095521.0
008 970526s1993 my a|||| ||||| | may d
020 _a9837300701
040 _aPPAK
_beng
_cPPAK
_erda
082 0 4 _a390.09595
_223
090 0 0 _a390.09595
_bTEH
_dK
100 0 _aTeh Rohaya Yusof,
_eauthor
245 1 0 _aAdat resam penduduk Malaysia
264 1 _aKuala Lumpur :
_bPustaka Mutiara ,
_c1993
300 _a32 pages :
_billustrations ;
_c21 cm
336 _2rdacontent
_atext
337 _2rdamedia
_aunmediated
338 _2rdacarrier
_avolume
650 1 0 _aMalaysia - Social life and customs
700 _eauthor
942 _ddc
_cB
999 _c23085
_d23085